| 000 | 00600nam a2200205 a 4500 | ||
|---|---|---|---|
| 005 | 20220811115800.0 | ||
| 008 | 080527s1987 mx r 000 0 spa d | ||
| 020 | _a0306424371 | ||
| 035 | _aUPN01000156409 | ||
| 049 | _aCG | ||
| 050 | 4 |
_aQP402 _bP4.7 |
|
| 245 | 0 | 0 |
_aPersonality dimensions and arousal / _ced. Jan Strelau. |
| 260 |
_aNew York : _bPlenum Press, _cc1987. |
||
| 300 | _a325 p. | ||
| 440 | 0 | _aPerspectives on individual differences | |
| 650 | 4 |
_aPERSONALIDAD - _xASPECTOS FISIOLOGICOS _99923 |
|
| 650 | 4 |
_aSexo (BiologĂa) _914889 |
|
| 700 | 1 |
_aStrelau, Jan, _eed. |
|
| 905 | _aLibro | ||
| 999 |
_c128523 _d128523 |
||